[Event "Zlin Region-chT 2223"]
[Site "Czech Republic"]
[Date "2022.11.13"]
[Round "3.7"]
[White "Machalik, Marek"]
[Black "Smetana, Rostislav"]
[Result "1-0"]
[WhiteElo "1905"]
[BlackElo "1624"]
[PlyCount "37"]
[EventDate "2022.10.09"]
[EventType "team-tourn"]
[EventRounds "11"]
[EventCountry "CZE"]
[SourceTitle "EXT 2024"]
[Source "ChessBase"]
[SourceDate "2023.10.10"]
[SourceVersion "1"]
[SourceVersionDate "2023.10.10"]
[SourceQuality "1"]
[WhiteTeam "Postoupky Sokol"]
[BlackTeam "Francova Lhota Sokol"]
[WhiteTeamCountry "CZE"]
[BlackTeamCountry "CZE"]

1. e4 c5 2. Nc3 e6 3. f4 d6 4. Nf3 Nc6 5. a4 Nge7 6. Bc4 g6 7. d4 cxd4 8. Nxd4 Bg7 9. Be3 Qb6 10. Nf5 Bxc3+ 11. bxc3 Qa5 12. Nxd6+ Kf8 13. Qd2 b5 14. Bb3 Rb8 15. 0-0 Qc7 16. f5 Nd8 17. f6 Nec6 18. Bd4 Na5 19. Qh6+ 1-0

[Event "CZE-chT2F 1516"]
[Site "Czech Republic"]
[Date "2016.02.07"]
[Round "7.55"]
[White "Machalik, Marek"]
[Black "Sikorova, Olga"]
[Result "0-1"]
[WhiteElo "1907"]
[BlackElo "2222"]
[PlyCount "64"]
[EventDate "2015.10.18"]
[EventType "team-tourn"]
[EventRounds "11"]
[EventCountry "CZE"]
[SourceTitle "EXT 2022"]
[Source "ChessBase"]
[SourceDate "2021.10.06"]
[SourceVersion "1"]
[SourceVersionDate "2021.10.06"]
[SourceQuality "1"]
[WhiteTeam "Postoupky"]
[BlackTeam "Trinec II"]
[WhiteTeamCountry "CZE"]
[BlackTeamCountry "CZE"]

1. e4 d5 2. exd5 Nf6 3. d4 Nxd5 4. Nf3 Bg4 5. Be2 e6 6. 0-0 Nc6 7. c4 Nb6 8. Nc3 Be7 9. Be3 Bxf3 10. Bxf3 Nxc4 11. Qa4 Nb6 12. Bxc6+ bxc6 13. Qxc6+ Qd7 14. Qxd7+ Kxd7 15. Rac1 Bd6 16. Rfd1 Rhb8 17. Ne4 Nd5 18. Rd2 a5 19. Nc5+ Bxc5 20. dxc5 c6 21. Bd4 f6 22. g4 e5 23. Be3 Rb4 24. h3 Rab8 25. Rcc2 Ke6 26. Kg2 h5 27. Kg3 hxg4 28. hxg4 g6 29. a3 Rb3 30. Re2 f5 31. gxf5+ gxf5 32. Kg2 f4 0-1

[Event "Kouty nad Desnou op-A"]
[Site "Kouty nad Desnou"]
[Date "2014.03.12"]
[Round "6"]
[White "Machalik, Marek"]
[Black "Bocek, Tadeas"]
[Result "0-1"]
[WhiteElo "1949"]
[BlackElo "1811"]
[PlyCount "58"]
[EventDate "2014.03.08"]
[EventType "swiss"]
[EventRounds "9"]
[EventCountry "CZE"]
[SourceTitle "EXT 2015"]
[Source "ChessBase"]
[SourceDate "2014.11.20"]
[SourceVersion "1"]
[SourceVersionDate "2014.11.20"]
[SourceQuality "1"]

1. e4 c5 2. Nc3 Nc6 3. f4 g6 4. Nf3 Bg7 5. Bb5 Nd4 6. 0-0 Nxb5 7. Nxb5 Nf6 8. Nc3 d6 9. d3 0-0 10. Qe1 Bd7 11. Qh4 e6 12. f5 exf5 13. Bg5 h6 14. Bxh6 Ng4 15. Bxg7 Kxg7 16. Qxd8 Raxd8 17. Rae1 Rfe8 18. h3 Ne5 19. Nd2 b6 20. exf5 Bxf5 21. Nde4 d5 22. Ng3 Bc8 23. Kf2 Ba6 24. Nge2 Bxd3 25. cxd3 Nxd3+ 26. Kf3 Nxe1+ 27. Rxe1 d4 28. Ne4 d3 29. N2c3 f5 0-1

[Event "Kouty nad Desnou op-A"]
[Site "Kouty nad Desnou"]
[Date "2014.03.11"]
[Round "4"]
[White "Kovarik, Matyas"]
[Black "Machalik, Marek"]
[Result "0-1"]
[WhiteElo "1584"]
[BlackElo "1949"]
[PlyCount "120"]
[EventDate "2014.03.08"]
[EventType "swiss"]
[EventRounds "9"]
[EventCountry "CZE"]
[SourceTitle "EXT 2015"]
[Source "ChessBase"]
[SourceDate "2014.11.20"]
[SourceVersion "1"]
[SourceVersionDate "2014.11.20"]
[SourceQuality "1"]

1. e4 d5 2. exd5 Nf6 3. d4 Nxd5 4. Nf3 Bg4 5. c4 Nb6 6. c5 N6d7 7. Bc4 e6 8. Nc3 Nc6 9. Be3 Be7 10. h3 Bh5 11. g4 Bg6 12. a3 Nf6 13. Qa4 0-0 14. 0-0-0 Ne4 15. Bd3 Nxc3 16. bxc3 Bxd3 17. Rxd3 Qd7 18. Qc2 Rfd8 19. Rdd1 b6 20. c4 bxc5 21. d5 exd5 22. Rxd5 Qe6 23. Bxc5 Rxd5 24. cxd5 Qxd5 25. Bxe7 Qxf3 26. Re1 Qf4+ 27. Qd2 Qxd2+ 28. Kxd2 Re8 29. Bc5 Rxe1 30. Kxe1 a6 31. Ke2 f6 32. f4 Kf7 33. Kd3 Ke6 34. Ke4 Ne7 35. f5+ Kd7 36. Bb4 g6 37. fxg6 hxg6 38. Bc5 Ke6 39. Bb4 Nd5 40. Bc5 f5+ 41. gxf5+ gxf5+ 42. Kf3 Ke5 43. h4 Nf6 44. Be7 Nh5 45. Ke3 Kd5 46. Kd3 c6 47. Bg5 c5 48. Bh6 Ng3 49. Bf4 Nh5 50. Bh6 c4+ 51. Kc3 f4 52. Bg5 f3 53. Be3 Ng3 54. Kc2 Ke4 55. Bf2 Nh5 56. Kc3 Kd5 57. Kc2 Nf6 58. Be3 Ng4 59. Kd2 Nxe3 60. Kxe3 c3 0-1

[Event "Kouty nad Desnou op-A"]
[Site "Kouty nad Desnou"]
[Date "2014.03.10"]
[Round "3"]
[White "Machalik, Marek"]
[Black "Sosovicka, Jakub"]
[Result "1/2-1/2"]
[WhiteElo "1949"]
[BlackElo "1677"]
[PlyCount "109"]
[EventDate "2014.03.08"]
[EventType "swiss"]
[EventRounds "9"]
[EventCountry "CZE"]
[SourceTitle "EXT 2015"]
[Source "ChessBase"]
[SourceDate "2014.11.20"]
[SourceVersion "1"]
[SourceVersionDate "2014.11.20"]
[SourceQuality "1"]

1. e4 c5 2. Nc3 d6 3. f4 e6 4. Nf3 Nf6 5. d3 Be7 6. g3 0-0 7. Bg2 a6 8. 0-0 b5 9. h3 Bb7 10. Be3 d5 11. e5 Nfd7 12. Bf2 Nc6 13. Qd2 b4 14. Ne2 f6 15. exf6 Bxf6 16. d4 c4 17. c3 a5 18. Ne5 Ncxe5 19. fxe5 Be7 20. Nf4 Qb6 21. Qe2 Bg5 22. Qg4 Bxf4 23. gxf4 Rf5 24. Rab1 Nf8 25. h4 Ng6 26. Be3 Raf8 27. h5 Ne7 28. Bh3 Bc8 29. Kh1 R5f7 30. Rg1 Nf5 31. Bf2 Qb7 32. Qg5 Kh8 33. Rbf1 Qe7 34. Qxe7 Nxe7 35. Be3 Nf5 36. Bd2 Bd7 37. cxb4 axb4 38. Bxb4 Ra8 39. Bxf5 Rxf5 40. Rg5 Rxa2 41. Bc3 Rf8 42. Rfg1 Rxf4 43. Kg2 Ra8 44. Kh3 Rf7 45. Kh4 Raf8 46. Bb4 Rf4+ 47. R1g4 Rxg4+ 48. Rxg4 Rf5 49. Bc3 Be8 50. Rg5 Rxg5 51. Kxg5 h6+ 52. Kg4 g6 53. hxg6 Bxg6 54. Bd2 Kg7 55. Be3 1/2-1/2

[Event "Kouty nad Desnou op-A"]
[Site "Kouty nad Desnou"]
[Date "2014.03.08"]
[Round "1"]
[White "Machalik, Marek"]
[Black "Ptacek, Jan"]
[Result "1/2-1/2"]
[WhiteElo "1949"]
[BlackElo "1621"]
[PlyCount "53"]
[EventDate "2014.03.08"]
[EventType "swiss"]
[EventRounds "9"]
[EventCountry "CZE"]
[SourceTitle "EXT 2015"]
[Source "ChessBase"]
[SourceDate "2014.11.20"]
[SourceVersion "1"]
[SourceVersionDate "2014.11.20"]
[SourceQuality "1"]

1. e4 e5 2. Nf3 Nf6 3. Nc3 Bb4 4. d3 d5 5. exd5 Nxd5 6. Bd2 Nxc3 7. bxc3 Bd6 8. Be2 Nc6 9. 0-0 Be6 10. Be3 0-0 11. d4 Bg4 12. Rb1 Qc8 13. Re1 e4 14. Nd2 Bxe2 15. Qxe2 f5 16. Nc4 b6 17. Nxd6 cxd6 18. Qc4+ Kh8 19. Bf4 Qd7 20. Rb5 Ne7 21. a4 Rac8 22. Qb3 Ng6 23. Bd2 h6 24. a5 bxa5 25. Rb7 Rc7 26. Rb1 Rfc8 27. Qd5 1/2-1/2

[Event "CZE-chT2E 1314"]
[Site "Czech Republic"]
[Date "2013.11.03"]
[Round "1.8"]
[White "Mizak, Jan"]
[Black "Machalik, Marek"]
[Result "1-0"]
[WhiteElo "1997"]
[BlackElo "1949"]
[PlyCount "149"]
[EventDate "2013.11.03"]
[EventType "team-tourn"]
[EventRounds "11"]
[EventCountry "CZE"]
[SourceTitle "EXT 2016"]
[Source "ChessBase"]
[SourceDate "2015.10.08"]
[SourceVersion "1"]
[SourceVersionDate "2015.10.08"]
[SourceQuality "1"]
[WhiteTeam "Lipovec Garde"]
[BlackTeam "Postoupky"]
[WhiteTeamCountry "CZE"]
[BlackTeamCountry "CZE"]

1. d4 d5 2. Bf4 Nf6 3. Nf3 e6 4. e3 c5 5. c3 Nc6 6. Nbd2 Bd6 7. Bxd6 Qxd6 8. Bb5 0-0 9. 0-0 Bd7 10. Re1 Nxd4 11. cxd4 Bxb5 12. Qb3 Ba6 13. Qa3 Nd7 14. Rac1 Rfc8 15. Nb3 Bc4 16. Nxc5 Nxc5 17. dxc5 Qa6 18. Qxa6 Bxa6 19. b4 Bc4 20. a3 Rc7 21. Rc3 Rac8 22. Rec1 Bb5 23. Nd4 Bc4 24. e4 b6 25. exd5 exd5 26. cxb6 axb6 27. Nf5 Ra8 28. Ne3 Rca7 29. Nxc4 dxc4 30. Rxc4 g6 31. Rc8+ Rxc8 32. Rxc8+ Kg7 33. Rc3 Rd7 34. g3 Rd2 35. Rc6 Ra2 36. Rxb6 Rxa3 37. Kg2 Rb3 38. b5 h5 39. h4 Kh7 40. Rb7 Kg7 41. b6 Kf6 42. Rb8 Ke6 43. Kf1 Kd6 44. Ke2 Kc6 45. Rf8 Rxb6 46. Rxf7 Kd5 47. Re7 Rf6 48. Ke3 Rf5 49. f4 Rf6 50. Re5+ Kd6 51. Kf3 Rf5 52. Re3 Ra5 53. g4 Rb5 54. gxh5 Rxh5 55. Kg4 Kd7 56. Re5 Rh8 57. Kg5 Rg8 58. Re4 Rh8 59. Kxg6 Rxh4 60. Kg5 Rh1 61. f5 Rg1+ 62. Kf6 Rf1 63. Kg6 Rg1+ 64. Kf7 Rd1 65. f6 Kd8 66. Kf8 Rg1 67. Rd4+ Kc8 68. f7 Rg2 69. Ke7 Re2+ 70. Kf6 Rf2+ 71. Ke6 Re2+ 72. Kf5 Rf2+ 73. Rf4 Rxf4+ 74. Kxf4 Kd7 75. f8Q 1-0

[Event "Stare Mesto op"]
[Site "Stare Mesto"]
[Date "2012.08.12"]
[Round "4"]
[White "Machalik, Marek"]
[Black "Vrtal, Jaroslav"]
[Result "0-1"]
[WhiteElo "1941"]
[BlackElo "2126"]
[PlyCount "78"]
[EventDate "2012.08.10"]
[EventType "swiss"]
[EventRounds "10"]
[EventCountry "CZE"]
[SourceTitle "CBM 149 Extra"]
[Source "ChessBase"]
[SourceDate "2012.08.24"]
[SourceVersion "1"]
[SourceVersionDate "2012.08.24"]
[SourceQuality "1"]

1. e4 c5 2. Nf3 d6 3. d4 cxd4 4. Nxd4 Nf6 5. Nc3 a6 6. Be2 e6 7. a4 Be7 8. f4 Qc7 9. Be3 Nc6 10. 0-0 0-0 11. Nb3 b6 12. Bf3 Bb7 13. Qe2 Nd7 14. Kh1 Rfc8 15. g4 Nb4 16. g5 d5 17. exd5 Nxd5 18. Nxd5 Bxd5 19. Bxd5 exd5 20. Nd4 Re8 21. Qf3 Bc5 22. c3 Re4 23. Rae1 Rae8 24. Nc2 Qc6 25. b3 Bxe3 26. Rxe3 Rxe3 27. Nxe3 Qxc3 28. Nxd5 Qb2 29. Rf2 Qd4 30. Kg2 Re4 31. Nc7 Re3 32. Qa8+ Nf8 33. Qxa6 Rxb3 34. Qb7 Qd7 35. Rf3 Qg4+ 36. Rg3 Rb2+ 37. Kh1 Qxf4 38. Qc6 Qf2 39. Qg2 Rb1+ 0-1

[Event "Stare Mesto op"]
[Site "Stare Mesto"]
[Date "2011.08.15"]
[Round "5"]
[White "Machalik, Marek"]
[Black "Fiala, Jan"]
[Result "0-1"]
[WhiteElo "1923"]
[BlackElo "2089"]
[PlyCount "34"]
[EventDate "2011.08.12"]
[EventType "swiss"]
[EventRounds "10"]
[EventCountry "CZE"]
[SourceTitle "CBM 143 Extra"]
[Source "ChessBase"]
[SourceDate "2011.08.29"]
[SourceVersion "1"]
[SourceVersionDate "2011.08.29"]
[SourceQuality "1"]

1. e4 e5 2. Nc3 Nc6 3. Bc4 Nf6 4. d3 Be7 5. f4 d6 6. Nf3 0-0 7. Be3 Ng4 8. Bd2 Be6 9. Bxe6 fxe6 10. fxe5 Ncxe5 11. 0-0 d5 12. Nxe5 Bc5+ 13. Kh1 Rxf1+ 14. Qxf1 Nf2+ 15. Kg1 Nxd3+ 16. Kh1 Nf2+ 17. Kg1 Qh4 0-1

[Event "Stare Mesto op"]
[Site "Stare Mesto"]
[Date "2011.08.13"]
[Round "2"]
[White "Machalik, Marek"]
[Black "Cajka, Tibor"]
[Result "0-1"]
[WhiteElo "1923"]
[BlackElo "2146"]
[PlyCount "72"]
[EventDate "2011.08.12"]
[EventType "swiss"]
[EventRounds "10"]
[EventCountry "CZE"]
[SourceTitle "CBM 143 Extra"]
[Source "ChessBase"]
[SourceDate "2011.08.29"]
[SourceVersion "1"]
[SourceVersionDate "2011.08.29"]
[SourceQuality "1"]

1. e4 c5 2. Nf3 d6 3. d4 cxd4 4. Nxd4 Nf6 5. Nc3 a6 6. Be2 e5 7. Nb3 Be7 8. 0-0 Be6 9. f4 Qc7 10. Kh1 b5 11. a3 Nbd7 12. Bf3 Nb6 13. g4 exf4 14. Bxf4 Rc8 15. Nd4 Nc4 16. Bc1 0-0 17. Nf5 Rfe8 18. g5 Nd7 19. Nxe7+ Rxe7 20. Nd5 Bxd5 21. exd5 Ne3 22. Bxe3 Rxe3 23. c3 Rce8 24. Qd2 Qd8 25. h4 Qe7 26. Qd4 Nc5 27. Rad1 Qe5 28. Qxe5 R8xe5 29. Rd2 Nd3 30. Kg1 g6 31. Kh2 Ne1 32. Bh1 Nd3 33. Bf3 h6 34. gxh6 Kh7 35. Kg2 Kxh6 36. Rfd1 Ne1+ 0-1

[Event "CZE-chT2E 1011"]
[Site "Czech Republic"]
[Date "2010.11.07"]
[Round "2.2"]
[White "Symersky, Petr"]
[Black "Machalik, Marek"]
[Result "1-0"]
[WhiteElo "2133"]
[BlackElo "1935"]
[PlyCount "75"]
[EventDate "2010.10.17"]
[EventType "team-tourn"]
[EventRounds "11"]
[EventCountry "CZE"]
[SourceTitle "EXT 2012"]
[Source "ChessBase"]
[SourceDate "2011.11.24"]
[SourceVersion "1"]
[SourceVersionDate "2011.11.24"]
[SourceQuality "1"]
[WhiteTeam "Veseli nad Moravou"]
[BlackTeam "Postoupky"]
[WhiteTeamCountry "CZE"]
[BlackTeamCountry "CZE"]

1. d4 d5 2. Nf3 Nf6 3. g3 c6 4. Bg2 Bf5 5. c3 e6 6. 0-0 h6 7. Qb3 Qb6 8. Nbd2 Be7 9. Ne5 Nbd7 10. Nxd7 Nxd7 11. e4 dxe4 12. Nxe4 Nf6 13. Nc5 Qxb3 14. axb3 Bxc5 15. dxc5 Be4 16. Be3 0-0 17. Rfd1 Bxg2 18. Kxg2 a6 19. Bd4 Rfd8 20. Be5 Kf8 21. Bc7 Rxd1 22. Rxd1 Ke8 23. Rd4 Nd5 24. Ba5 Ke7 25. Ra4 Rb8 26. c4 b5 27. cxb6 Nxb6 28. Ra3 Nd7 29. Bc3 Nc5 30. b4 Nd3 31. Bxg7 Nxb4 32. Bxh6 c5 33. Bf4 Rd8 34. Be3 Rc8 35. Ra5 Kd6 36. h4 Rc6 37. h5 Ke7 38. Bxc5+ 1-0

[Event "Stare Mesto op"]
[Site "Stare Mesto"]
[Date "2009.08.18"]
[Round "6"]
[White "Machalik, Marek"]
[Black "Ralis, Petr"]
[Result "0-1"]
[WhiteElo "1938"]
[BlackElo "2239"]
[PlyCount "60"]
[EventDate "2009.08.14"]
[EventType "swiss"]
[EventRounds "10"]
[EventCountry "CZE"]
[SourceTitle "CBM 131 Extra"]
[Source "ChessBase"]
[SourceDate "2009.09.03"]
[SourceVersion "2"]
[SourceVersionDate "2009.09.16"]
[SourceQuality "1"]

1. e4 c5 2. Nf3 d6 3. d4 cxd4 4. Nxd4 Nf6 5. Nc3 g6 6. Be3 Bg7 7. f3 0-0 8. Qd2 Nc6 9. 0-0-0 d5 10. Nxc6 bxc6 11. exd5 cxd5 12. Nxd5 Nxd5 13. Qxd5 Qc7 14. Qc5 Qb8 15. Bd4 e5 16. Bc3 Be6 17. a3 Rc8 18. Qe3 Qb7 19. Bd3 Qc7 20. Rhe1 f6 21. Re2 Rab8 22. Be4 Bf8 23. Bb4 Bxb4 24. axb4 Rxb4 25. Bd5 Bxd5 26. Rxd5 Qb7 27. Ra5 Rxb2 28. Qxa7 Rb1+ 29. Kd2 Rxc2+ 30. Ke3 Qb3+ 0-1

[Event "CZE-ch Juniors op-A"]
[Site "Kouty nad Desnou"]
[Date "2009.03.14"]
[Round "9"]
[White "Marek, Jiri2222"]
[Black "Machalik, Marek"]
[Result "1/2-1/2"]
[WhiteElo "1859"]
[BlackElo "1905"]
[PlyCount "23"]
[EventDate "2009.03.07"]
[EventType "swiss"]
[EventRounds "9"]
[EventCountry "CZE"]
[SourceTitle "EXT 2011"]
[Source "ChessBase"]
[SourceDate "2010.11.26"]
[SourceVersion "1"]
[SourceVersionDate "2010.11.26"]
[SourceQuality "1"]

1. e4 e6 2. d4 d5 3. Nd2 c5 4. exd5 exd5 5. Ngf3 Nf6 6. Bb5+ Bd7 7. Bxd7+ Nbxd7 8. 0-0 Be7 9. dxc5 Nxc5 10. Nb3 0-0 11. Nxc5 Bxc5 12. Bg5 1/2-1/2

[Event "CZE-ch Juniors op-A"]
[Site "Kouty nad Desnou"]
[Date "2009.03.12"]
[Round "7"]
[White "Vanka, Miloslav"]
[Black "Machalik, Marek"]
[Result "1-0"]
[WhiteElo "2183"]
[BlackElo "1905"]
[PlyCount "55"]
[EventDate "2009.03.07"]
[EventType "swiss"]
[EventRounds "9"]
[EventCountry "CZE"]
[SourceTitle "EXT 2011"]
[Source "ChessBase"]
[SourceDate "2010.11.26"]
[SourceVersion "1"]
[SourceVersionDate "2010.11.26"]
[SourceQuality "1"]

1. e4 e6 2. d4 d5 3. e5 c5 4. Nf3 Nc6 5. Bd3 cxd4 6. 0-0 Nge7 7. Bf4 Ng6 8. Bg3 Be7 9. Re1 Bd7 10. Nbd2 Rc8 11. a3 0-0 12. Nb3 Qb6 13. h4 Rfd8 14. h5 Nf8 15. Qd2 a5 16. h6 Ng6 17. hxg7 Kxg7 18. Bf4 a4 19. Nc1 Na5 20. Bh6+ Kg8 21. Bg5 Bxg5 22. Qxg5 Bb5 23. Qh6 Bxd3 24. Ng5 Nf8 25. Nxd3 Rd7 26. Nf4 f6 27. exf6 Rcc7 28. Nfxe6 1-0

[Event "CZE-ch Juniors op-A"]
[Site "Kouty nad Desnou"]
[Date "2009.03.11"]
[Round "6"]
[White "Machalik, Marek"]
[Black "Reichel, Tomas"]
[Result "1-0"]
[WhiteElo "1905"]
[BlackElo "1792"]
[PlyCount "73"]
[EventDate "2009.03.07"]
[EventType "swiss"]
[EventRounds "9"]
[EventCountry "CZE"]
[SourceTitle "EXT 2011"]
[Source "ChessBase"]
[SourceDate "2010.11.26"]
[SourceVersion "1"]
[SourceVersionDate "2010.11.26"]
[SourceQuality "1"]

1. e4 e5 2. Nc3 Nf6 3. Bc4 Bc5 4. d3 Nc6 5. f4 exf4 6. Bxf4 d6 7. Nf3 Be6 8. Bb3 Nd4 9. h3 Nxb3 10. axb3 Nh5 11. Bg5 Qd7 12. d4 Bb4 13. d5 Ng3 14. Rh2 Nxe4 15. dxe6 Qxe6 16. Kf1 Nxc3 17. bxc3 Bxc3 18. Ra4 0-0 19. Qd3 Be5 20. Nxe5 Qxe5 21. Bf4 Qf6 22. Kg1 Rfe8 23. Re4 c6 24. g4 d5 25. Rxe8+ Rxe8 26. Bd2 Qa1+ 27. Kg2 Qe5 28. Kg1 Qa1+ 29. Kf2 Qf6+ 30. Kg3 Re4 31. Rf2 Qe5+ 32. Kg2 h5 33. Qf3 f6 34. gxh5 Rh4 35. h6 gxh6 36. Qxf6 Qe4+ 37. Kg3 1-0

[Event "CZE-ch Juniors op-A"]
[Site "Kouty nad Desnou"]
[Date "2009.03.10"]
[Round "5"]
[White "Fusek, Lukas"]
[Black "Machalik, Marek"]
[Result "0-1"]
[WhiteElo "1857"]
[BlackElo "1905"]
[PlyCount "54"]
[EventDate "2009.03.07"]
[EventType "swiss"]
[EventRounds "9"]
[EventCountry "CZE"]
[SourceTitle "EXT 2011"]
[Source "ChessBase"]
[SourceDate "2010.11.26"]
[SourceVersion "1"]
[SourceVersionDate "2010.11.26"]
[SourceQuality "1"]

1. e4 e6 2. d4 d5 3. e5 c5 4. c3 Nc6 5. Nf3 Qb6 6. Bd3 Bd7 7. Bc2 cxd4 8. cxd4 Nge7 9. a3 Ng6 10. Nc3 Rc8 11. 0-0 Be7 12. Ne2 Na5 13. Ba4 Bxa4 14. Qxa4+ Nc6 15. b4 0-0 16. Be3 Qd8 17. Nd2 f6 18. f4 fxe5 19. fxe5 Bg5 20. Bxg5 Qxg5 21. Rxf8+ Rxf8 22. Qd1 Qe3+ 23. Kh1 Rf2 24. b5 Qxe2 25. bxc6 Qxd2 26. cxb7 Qxd1+ 27. Rxd1 Rb2 0-1

[Event "Ricany op-A"]
[Site "Ricany"]
[Date "2008.08.27"]
[Round "6"]
[White "Machalik, Marek"]
[Black "Fikr, Lukas"]
[Result "0-1"]
[WhiteElo "1877"]
[BlackElo "2037"]
[PlyCount "102"]
[EventDate "2008.08.23"]
[EventType "swiss"]
[EventRounds "9"]
[EventCountry "CZE"]
[SourceTitle "CBM 126 Extra"]
[Source "ChessBase"]
[SourceDate "2008.11.05"]
[SourceVersion "1"]
[SourceVersionDate "2008.11.05"]
[SourceQuality "1"]

1. e4 c5 2. Nf3 d6 3. d4 cxd4 4. Nxd4 Nf6 5. Nc3 a6 6. Be2 e6 7. Be3 Qc7 8. a4 b6 9. f4 Bb7 10. Bf3 Nbd7 11. Qe2 Nc5 12. Bf2 e5 13. Nb3 Be7 14. f5 Bc6 15. 0-0 Qb7 16. Rfe1 0-0 17. Nd2 Rad8 18. Nc4 Rfe8 19. a5 b5 20. Nb6 b4 21. Ncd5 Bxd5 22. Nxd5 Nxd5 23. exd5 Rc8 24. c3 Nb3 25. Rab1 bxc3 26. bxc3 Rxc3 27. Qa2 Rec8 28. Bb6 Nc1 29. Qa1 Nd3 30. Red1 g6 31. Bd4 Rb3 32. Bb6 Rxb1 33. Rxb1 Qd7 34. fxg6 hxg6 35. Be2 Nf4 36. Bxa6 Rc2 37. Rb2 Rxb2 38. Qxb2 Nxd5 39. Bf2 Qa4 40. Qd2 Nb4 41. Be2 Qxa5 42. Be1 d5 43. Bg3 Qa1+ 44. Kf2 Bc5+ 45. Kf3 e4+ 46. Kg4 f5+ 47. Kg5 Qg7 48. Be1 Kh7 49. Qc3 Qh6+ 50. Kf6 Qf8+ 51. Ke5 Qd6# 0-1

[Event "Ricany op-A"]
[Site "Ricany"]
[Date "2008.08.25"]
[Round "4"]
[White "Machalik, Marek"]
[Black "Lexa, Vaclav"]
[Result "1-0"]
[WhiteElo "1877"]
[BlackElo "1937"]
[PlyCount "95"]
[EventDate "2008.08.23"]
[EventType "swiss"]
[EventRounds "9"]
[EventCountry "CZE"]
[SourceTitle "CBM 126 Extra"]
[Source "ChessBase"]
[SourceDate "2008.11.05"]
[SourceVersion "1"]
[SourceVersionDate "2008.11.05"]
[SourceQuality "1"]

1. e4 c5 2. Nf3 d6 3. d4 cxd4 4. Nxd4 Nf6 5. Nc3 a6 6. Be2 e5 7. Nb3 h6 8. Be3 Be6 9. a4 Nc6 10. 0-0 Be7 11. Nd2 Rc8 12. Nc4 Bxc4 13. Bxc4 0-0 14. Bb3 Nb4 15. Qe2 Qc7 16. Rad1 Rfd8 17. Kh1 Qc6 18. f3 d5 19. exd5 Nbxd5 20. Nxd5 Nxd5 21. Bg1 Bf6 22. Qe4 Ne7 23. Qxc6 Nxc6 24. c3 g6 25. Rxd8+ Rxd8 26. Rd1 Rxd1 27. Bxd1 b5 28. Be2 b4 29. Bxa6 bxc3 30. bxc3 Bd8 31. Bb5 Na5 32. c4 f6 33. Be3 g5 34. Kg1 Kf7 35. Kf2 Ke6 36. Bc5 Nb7 37. Bb4 Bb6+ 38. Ke2 h5 39. Bc6 Bc5 40. Bxc5 Nxc5 41. a5 Nb3 42. Bd5+ Kd6 43. a6 Nd4+ 44. Kd3 Nc6 45. Bxc6 Kxc6 46. c5 f5 47. h3 Kc7 48. g4 1-0

[Event "Ricany op-A"]
[Site "Ricany"]
[Date "2008.08.24"]
[Round "3"]
[White "Bernath, Stefan"]
[Black "Machalik, Marek"]
[Result "1-0"]
[WhiteElo "1952"]
[BlackElo "1877"]
[PlyCount "43"]
[EventDate "2008.08.23"]
[EventType "swiss"]
[EventRounds "9"]
[EventCountry "CZE"]
[SourceTitle "CBM 126 Extra"]
[Source "ChessBase"]
[SourceDate "2008.11.05"]
[SourceVersion "1"]
[SourceVersionDate "2008.11.05"]
[SourceQuality "1"]

1. e4 e6 2. d4 d5 3. Nd2 c5 4. exd5 exd5 5. Bb5+ Nc6 6. Qe2+ Qe7 7. dxc5 Qxe2+ 8. Nxe2 Bxc5 9. c3 Nf6 10. 0-0 0-0 11. Nb3 Bb6 12. Bf4 Bf5 13. Ng3 Bg6 14. Bd6 Rfe8 15. Bc5 Bxc5 16. Nxc5 a6 17. Bxc6 bxc6 18. Rfe1 a5 19. f3 Rab8 20. b3 Nh5 21. Ne2 Nf6 22. Nd4 1-0

[Event "Ricany op-A"]
[Site "Ricany"]
[Date "2008.08.24"]
[Round "2"]
[White "Machalik, Marek"]
[Black "Musil, Vitezslav"]
[Result "0-1"]
[WhiteElo "1877"]
[BlackElo "2039"]
[PlyCount "43"]
[EventDate "2008.08.23"]
[EventType "swiss"]
[EventRounds "9"]
[EventCountry "CZE"]
[SourceTitle "CBM 126 Extra"]
[Source "ChessBase"]
[SourceDate "2008.11.05"]
[SourceVersion "1"]
[SourceVersionDate "2008.11.05"]
[SourceQuality "1"]

1. e4 e5 2. Nc3 Nf6 3. Bc4 Nxe4 4. Qh5 Nd6 5. Bb3 Nc6 6. Nb5 g6 7. Qf3 f5 8. Qd5 Qe7 9. Nxc7+ Kd8 10. Nxa8 b6 11. Qf3 Bb7 12. d3 Nd4 13. Qh3 Bxa8 14. Be3 Bg7 15. 0-0-0 Nxb3+ 16. axb3 Bd5 17. Ne2 Kc8 18. Rhe1 g5 19. g4 f4 20. Bd2 Be6 21. Qf3 h5 22. h3 0-1

[Event "CZE-ch U18 Girls/sf U18"]
[Site "Czech Republic"]
[Date "2008.??.??"]
[Round "8"]
[White "Machalik, Marek"]
[Black "Kratochvil, Josef"]
[Result "0-1"]
[WhiteElo "1871"]
[BlackElo "2071"]
[PlyCount "70"]
[EventDate "2008.??.??"]
[EventType "swiss"]
[EventRounds "9"]
[EventCountry "CZE"]
[SourceTitle "EXT 2011"]
[Source "ChessBase"]
[SourceDate "2010.11.26"]
[SourceVersion "1"]
[SourceVersionDate "2010.11.26"]
[SourceQuality "1"]

1. e4 c5 2. Nf3 e6 3. d4 cxd4 4. Nxd4 a6 5. c4 Nf6 6. Nc3 Qc7 7. Bd3 b6 8. 0-0 Bb7 9. Qe2 d6 10. Be3 Nbd7 11. Rfd1 g6 12. Rac1 Bg7 13. b4 0-0 14. Nb3 Rac8 15. f3 Ne5 16. Na4 Nfd7 17. c5 dxc5 18. bxc5 b5 19. Nc3 Rfd8 20. Rd2 Nxd3 21. Rxd3 Ne5 22. Rxd8+ Rxd8 23. Qc2 Nc4 24. Bf2 Be5 25. h3 Bc6 26. Rd1 Rxd1+ 27. Nxd1 Qd8 28. Ne3 a5 29. Qd1 Qc7 30. Nxc4 bxc4 31. Nd2 Qd7 32. Qe2 Bb5 33. Nxc4 Bxc4 34. Qxc4 Qd1+ 35. Qf1 Bh2+ 0-1

[Event "CZE-ch U18 Girls/sf U18"]
[Site "Czech Republic"]
[Date "2008.??.??"]
[Round "7"]
[White "Stukner, Simon"]
[Black "Machalik, Marek"]
[Result "1-0"]
[WhiteElo "2176"]
[BlackElo "1871"]
[PlyCount "55"]
[EventDate "2008.??.??"]
[EventType "swiss"]
[EventRounds "9"]
[EventCountry "CZE"]
[SourceTitle "EXT 2011"]
[Source "ChessBase"]
[SourceDate "2010.11.26"]
[SourceVersion "1"]
[SourceVersionDate "2010.11.26"]
[SourceQuality "1"]

1. e4 e6 2. Nf3 d5 3. e5 c5 4. b4 cxb4 5. a3 Nc6 6. axb4 Bxb4 7. c3 Be7 8. d4 Nh6 9. Bxh6 gxh6 10. Bd3 Bd7 11. 0-0 Qb6 12. Qd2 Bf8 13. Na3 Na5 14. Rfb1 Qc7 15. Qa2 b6 16. Nb5 Bxb5 17. Bxb5+ Kd8 18. Qd2 Bg7 19. Qf4 Nc4 20. Ra4 Na5 21. Ba6 f6 22. Qh4 Qf7 23. Rxa5 bxa5 24. Rb7 Qg6 25. exf6 Qxf6 26. Qg3 Ke8 27. Qd6 Rd8 28. Bb5+ 1-0